|
|
|
|
| LEADER |
01405nam a22003257a 4500 |
| 001 |
38695 |
| 003 |
BD-DhAAL |
| 008 |
220526t2010 maua b 001 0 eng d |
| 999 |
|
|
|c 44216
|d 44216
|
| 010 |
|
|
|a 2004051072
|
| 020 |
|
|
|a 9780137152049
|
| 020 |
|
|
|a 0137152043
|
| 040 |
|
|
|a DLC
|c DLC
|d DLC
|d BD-DhAAL
|
| 050 |
0 |
0 |
|a P121
|b .P334 2005
|
| 082 |
0 |
0 |
|a 410
|2 22
|
| 100 |
1 |
|
|a Parker, Frank,
|d 1946-
|9 48797
|
| 245 |
1 |
0 |
|a Linguistics for non-linguists :
|b a primer with exercises /
|c Frank Parker, Kathryn Riley.
|
| 250 |
|
|
|a Fifth edition
|
| 260 |
|
|
|a Boston, Mass. :
|b Allyn and Bacon,
|c c2010.
|
| 300 |
|
|
|a x, 350 pages :
|b illustrations ;
|c 24 cm.
|
| 504 |
|
|
|a Includes bibliographical references (pages 305-311) and index.
|
| 526 |
|
|
|a ENH
|
| 541 |
|
|
|a Development Book Agency
|e 38695, 38696
|
| 650 |
|
|
|a Linguistics.
|9 48798
|
| 650 |
|
|
|a English language.
|9 48799
|
| 700 |
1 |
|
|a Riley, Kathryn Louise,
|d 1951-
|9 48800
|
| 852 |
|
|
|a Ayesha Abed Library
|c General Stacks
|
| 942 |
|
|
|2 ddc
|c BK
|
| 952 |
|
|
|0 0
|1 0
|2 ddc
|4 0
|6 410_000000000000000_PAR
|7 0
|9 70673
|a BRACUL
|b BRACUL
|c GEN
|d 2022-05-22
|e Development Book Agency
|g 7037.00
|l 2
|m 10
|o 410 PAR
|p 3010038695
|r 2024-11-25
|s 2024-11-18
|t 1
|v 7037.00
|w 2022-05-22
|y BK
|
| 952 |
|
|
|0 0
|1 0
|2 ddc
|4 0
|6 410_000000000000000_PAR
|7 0
|9 70674
|a BRACUL
|b BRACUL
|c GEN
|d 2022-05-22
|e Development Book Agency
|g 7037.00
|l 1
|m 30
|o 410 PAR
|p 3010038696
|r 2024-12-28
|s 2024-11-05
|t 2
|v 7037.00
|w 2022-05-22
|y BK
|